[Event "Høstturneringen 2019"]
[Site "Ås, Akershus NOR"]
[Date "2019.09.26"]
[Round "4"]
[White "Moberg, Jan Rune"]
[Black "Kielland-Lund, Jon"]
[Result "0-1"]
[WhiteElo "1651"]
[BlackElo "1694"]
[Annotator "Furnes, Torstein"]
[PlyCount "77"]
[EventDate "2019.08.29"]

1. c4 e5 2. Nc3 Nc6 3. g3 Nf6 4. e4 Bc5 5. h3 d6 6. Bg2 Be6 7. d3 Qd7 8. Nge2
h6 9. Nd5 Nd4 10. Be3 c6 11. Ndc3 d5 12. cxd5 cxd5 13. f4 Nxe2 14. Qxe2 Bxe3
15. f5 Bd4 16. fxe6 fxe6 17. exd5 exd5 18. O-O-O O-O-O 19. h4 Qc6 20. Kb1 Kb8
21. Rc1 Qb6 22. Bh3 Rd6 23. Rc2 Rc6 24. Rhc1 Rd8 25. g4 g5 26. hxg5 hxg5 27.
Bg2 Rdc8 28. Ka1 Qa5 29. Nb1 Bxb2+ 30. Kxb2 $19 ({Hvit må spille} 30. Rxb2 Rxc1
31. Qxe5+ $11 {fulgt av  Dxf6 med lik stilling ifølge Fritz.}) 30... Qb4+ 31.
Ka1 Qd4+ 32. Nc3 Rxc3 33. Kb1 Rxc2 34. Rxc2 Rxc2 35. Kxc2 Nxg4 36. Bf3 Qa4+ 37.
Kb2 Qd4+ 38. Kb3 Nf6 39. Bg2 0-1

[Event "Høstturneringen 2019"]
[Site "Ås, Akershus NOR"]
[Date "2019.09.26"]
[Round "4"]
[White "Simonsen, Steinar"]
[Black "Lea, Per"]
[Result "1/2-1/2"]
[WhiteElo "1500"]
[BlackElo "1753"]
[Annotator "Lea, Per"]
[PlyCount "147"]
[EventDate "2019.08.29"]

1. e4 e5 2. Nf3 Nc6 3. d4 exd4 4. Nxd4 Bc5 5. Nxc6 Qf6 6. Qf3 dxc6 7. Be2 Be6
8. Qxf6 Nxf6 9. Nc3 Bd4 10. f3 O-O-O 11. Bd2 Nd7 12. O-O-O Ne5 13. f4 Ng4 $2 {
En klassisk feilberegning fra svarts side} (13... Nc4 {var trekket her}) 14. f5
{Nå henger det to svarte offiserer, men selv om svart har svaret klart, står
hvit klart best i følge Stockfish} Bxf5 15. exf5 Nf2 16. g4 Nxh1 17. Rxh1 Rhe8
18. Bd3 f6 19. h4 Be3 20. Bxe3 Rxe3 21. g5 Rd6 $4 {Overser fullstendig hvits
svar} 22. Ne4 Rd7 23. gxf6 gxf6 24. Nxf6 Rf7 25. Ng4 Rg3 ({Det beste var tross
alt} 25... Rxd3 26. cxd3 Rxf5 {men ingen går inn i noe slikt frivillig}) 26.
Ne5 Rf6 27. h5 Kd8 28. Rh4 Rg5 29. h6 Ke7 30. Rd4 (30. Ng6+ hxg6 $4 (30... Ke8
{og} 31. Bc4 {holder ikke fordi f4 ikke lenger er gardert} (31. Rb4 {og}) (31.
Kd2 {er andre gode alternativer})) 31. h7 {er håpløst for svart}) 30... Rxh6
31. Rd7+ Kf6 32. Nf3 Rg2 {Truer matt på førsteraden, men hvit er våken} 33. b3
Rg7 34. Rd8 c5 35. Rf8+ Ke7 36. Ra8 b6 37. Rxa7 Kd6 38. Ra8 Rg3 39. Nd2 Rg7 40.
Ne4+ Ke5 41. Re8+ (41. Rf8 $1) 41... Kxf5 {Nå er begge de farlige hvite
bøndene borte, til gjengjeld har plutselig svart en fribonde, selv om den har
langt igjen. Men hvit står fremdeles til vinst.} 42. Nxc5+ Kf6 43. Ne4+ (43.
Re6+ $1 {er langt farligere enn noen av oss trodde} Kf7 ({Det planlagte} 43...
Kg5 {strander på} 44. Ne4+ Kf5 45. Rxh6 {Dermed vinner tårnsjakken et helt
tårn og halve kongeriket med.})) 43... Kf7 44. Rc8 Ke6 45. a4 Rh1+ 46. Kb2 h5
47. Bc4+ Kd7 48. Rf8 h4 49. Rh8 Ke7 50. Rh6 Rh2 51. Re6+ Kf8 52. Rf6+ Ke7 53.
Re6+ Kf8 54. Rh6 Rgg2 55. Bd3 Rg7 56. Rf6+ Ke7 57. Rc6 Kd8 58. Rh6 Ke7 59. Bc4
Rgg2 60. Bd3 Rg7 61. b4 {Au! Hvit har endelig skjønt at det er fribønder som
er nøkkelen til seier-} Rg8 62. a5 bxa5 63. bxa5 Rb8+ 64. Kc3 Ra8 65. a6 Rh1
66. Rh7+ Ke6 67. Rxc7 h3 68. a7 h2 69. Ng5+ Kd6 70. Rh7 Ra1 {Med remistilbud.
Men hvit står til vinst og spiller selvfølgelig videre.} 71. Rxh2 R8xa7 72.
Rh6+ Ke5 73. Nf3+ Kf4 74. Rf6+ {Med remistilbud fra hvit, som selvfølgelig
blir tatt i mot med åpne armer. Stockfish angir klar vinst for hvit, men det
er ikke så lett å se hvordan hvit skal komme videre. Sannsynligvis må planen
være å gå med c-bonden, og svart har massevis av problemer: klokka har vært
nede på 3-4 minutter, og det er alltid potensielle farer forbundet med tårn på
samme diagonal som løperen og springergafler. Svart slapp unnaa med skrekken,
som i runde 3.} 1/2-1/2

[Event "Høstturneringen 2019"]
[Site "Ås, Akershus NOR"]
[Date "2019.09.26"]
[Round "4"]
[White "Andersen, Odd"]
[Black "Larsen, Jo Ingebrigt"]
[Result "1-0"]
[WhiteElo "1745"]
[BlackElo "1527"]
[PlyCount "59"]
[EventDate "2019.08.29"]

1. d4 d6 2. f4 Nf6 3. Nf3 Nbd7 4. Qd3 c5 5. d5 Qc7 6. e4 Nb6 7. c4 g6 8. Nc3
Bg7 9. Bd2 Bd7 10. Be2 e6 11. dxe6 fxe6 12. O-O O-O 13. Rad1 a6 14. Be1 Ne8 15.
Bg3 Bc6 16. Ng5 Bd4+ 17. Kh1 Qe7 18. Bg4 Ng7 19. Nf3 e5 20. fxe5 dxe5 21. Nd5
Nxd5 22. exd5 e4 23. Qe2 h5 24. Nxd4 Rxf1+ 25. Qxf1 Ba4 26. Be6+ Nxe6 27. Nxe6
Bxd1 28. Qxd1 Qf6 29. h4 Qxb2 30. d6 1-0

[Event "Høstturneringen 2019"]
[Site "Ås, Akershus NOR"]
[Date "2019.09.26"]
[Round "4"]
[White "Thowsen, Alf Geir"]
[Black "Brenden, Torbjørn"]
[Result "0-1"]
[WhiteElo "1396"]
[BlackElo "1577"]
[PlyCount "80"]
[EventDate "2019.08.29"]

1. d4 Nf6 2. c4 e6 3. Nc3 Be7 4. Nf3 O-O 5. e3 b6 6. Bd3 Bb7 7. Qe2 h6 8. e4 d6
9. O-O Nbd7 10. Bf4 c5 11. d5 e5 12. Be3 Nh7 13. Nd2 g5 14. Rab1 a6 15. Qg4
Nhf6 16. Qe2 Kg7 17. a3 Qc7 18. Nf3 Rh8 19. h3 Nf8 20. Qd2 Ng6 21. g3 Bc8 22.
Kg2 Nh5 23. Qc1 Rb8 24. Be2 Nf6 25. Rh1 Bd7 26. Qc2 Nh7 27. Nd1 Rhf8 28. Bd2 b5
29. Ne3 Bd8 30. Nf5+ Bxf5 31. exf5 Ne7 32. h4 g4 33. Nh2 h5 34. f3 gxf3+ 35.
Nxf3 bxc4 36. Ng5 Nf6 37. Bxc4 Qb7 38. Ne4 Nexd5 39. Kh3 Nxe4 40. Qxe4 Nf4+ 0-1

[Event "Høstturneringen 2019"]
[Site "Ås, Akershus NOR"]
[Date "2019.09.26"]
[Round "4"]
[White "Furnes, Torstein"]
[Black "Skaret, Runar"]
[Result "1-0"]
[WhiteElo "1789"]
[BlackElo "1310"]
[Annotator "Furnes, Torstein"]
[PlyCount "117"]
[EventDate "2019.08.29"]

1. d4 d5 2. c4 c6 3. cxd5 cxd5 4. Bf4 Nf6 5. Nc3 Nc6 6. e3 e6 7. Nf3 a6 8. Rc1
h6 9. Bd3 Nh5 10. Be5 Bd6 11. Bxd6 Qxd6 12. Bb1 f5 13. Ne5 Nf6 14. Ng6 Rg8 15.
f4 Ne4 16. Bxe4 dxe4 17. Qh5 Kd8 18. O-O Bd7 19. Rfd1 Nb4 20. Ne5 Be8 21. Qe2
Ke7 22. Qc4 Nc6 23. a3 ({Fritz anbefaler} 23. d5 $1 Nxe5 24. fxe5 Qxe5 25. dxe6
Bc6 (25... Qxe6 $2 26. Qb4+ Kf7 27. Qxb7+) 26. Nd5+ Kxe6 27. Nb6+) 23... Rc8
24. d5 b5 25. Nxc6+ ({Førstevalget til Fritz er} 25. Nxe4 $3 bxc4 (25... fxe4
26. Qxe4 Na7 27. Qd4 Rxc1 28. Rxc1 Qxd5 29. Qxa7+ $18) 26. Nxd6 Kxd6 27. dxc6+
$18) 25... Rxc6 (25... Bxc6 {er bedre.}) 26. Qb3 Rc4 27. dxe6 Qxe6 28. Nd5+ Kf7
29. Rxc4 bxc4 30. Qxc4 ({Sterkere er} 30. Qb7+ Qd7 31. Qxa6) 30... Bc6 31. Nb6
Qxc4 32. Nxc4 Rb8 $2 33. Ne5+ Ke6 34. Nxc6 Rxb2 35. a4 Ra2 36. a5 Ra3 37. Kf2
Ra2+ 38. Kf1 Ra3 39. Ke2 Ra2+ 40. Rd2 Ra3 41. h3 Rc3 42. Nb4 Rc5 43. Nxa6 Rxa5
44. Nb4 Ra1 45. Nc6 Rg1 46. Kf2 Rc1 47. Ne5 g5 48. Ra2 gxf4 49. exf4 Rc3 50.
Ra6+ Kd5 51. Rxh6 Rc2+ 52. Kg1 Rc1+ 53. Kh2 e3 54. Nf3 Rf1 55. Rh8 Ke4 56. Kg3
Kd3 57. Re8 Rxf3+ 58. gxf3 e2 59. Rxe2 1-0

[Event "Høstturneringen 2019"]
[Site "Ås, Akershus NOR"]
[Date "2019.09.26"]
[Round "4"]
[White "Petersen, Rune J"]
[Black "Heien, Aksel"]
[Result "1-0"]
[WhiteElo "1202"]
[BlackElo "1289"]
[Annotator "Lea, Per"]
[PlyCount "133"]
[EventDate "2019.08.29"]

1. d4 d5 2. Nf3 Nf6 3. Nc3 c5 4. e3 e6 5. Be2 Be7 6. Bd2 O-O 7. O-O Nbd7 8. b3
{Virker litt rart siden løperen allerede er utviklet til d2} Re8 9. Ne5 a6 10.
Ng4 Qc7 11. f4 cxd4 12. exd4 Bb4 13. Na4 Bxd2 14. Qxd2 Ne4 15. Qd1 b5 16. Nb2
Qc3 17. Nd3 Bb7 18. Nde5 Nxe5 19. Nxe5 Qe3+ 20. Kh1 Nf2+ 21. Rxf2 (21. Kg1 {
Hvit kjente sine klassikere! Kred for å ha unngått:} Nh3+ 22. Kh1 Qg1+ 23. Rxg1
Nf2#) 21... Qxf2 22. Qd2 Qh4 23. Nf3 Qe7 24. Ng5 h6 25. Nf3 Rac8 26. Ne5 Qa3
27. Bh5 Rc7 28. Nd3 g6 29. Be2 Kg7 30. Nc5 Qb2 31. Qd1 Ra8 32. g4 b4 33. f5 Bc8
34. h4 exf5 35. Nd3 Qxc2 36. Nxb4 Qe4+ 37. Bf3 Qf4 ({Kaldt og rolig} 37... Qe7
{og svart står til vinst}) 38. Nxd5 Qg3 39. Nxc7 Qxc7 $4 (39... Ra7 {med lik
stilling}) 40. Bxa8 {Nå er alt snudd på hodet: hvit står til vinst!} Bb7+ 41.
Bxb7 Qxb7+ 42. d5 fxg4 43. Qd4+ Kg8 44. Rf1 Qd7 45. Re1 g3 46. Kg2 f5 47. d6
Qc6+ 48. Kf1 Qh1+ 49. Ke2 Qg2+ 50. Kd3 Qf3+ 51. Re3 Qf1+ 52. Re2 Qb1+ 53. Kc4
Qc1+ 54. Kd5 Qh1+ 55. Ke6 Qc6 56. Qd5 Qxd5+ 57. Kxd5 g2 58. Rxg2 Kf7 59. Rc2 f4
60. d7 f3 61. Rf2 Ke7 62. Kc6 Kd8 63. Rxf3 Ke7 64. Rd3 Kd8 65. Rc3 g5 66. hxg5
hxg5 67. Kd6 {Det er matt i neste uansett hva svart gjør} 1-0

[Event "Høstturneringen 2019"]
[Site "Ås, Akershus NOR"]
[Date "2019.10.03"]
[Round "3"]
[White "Aamodt, Peder Marcus"]
[Black "Furnes, Torstein"]
[Result "1/2-1/2"]
[WhiteElo "1481"]
[BlackElo "1789"]
[Annotator "Aamodt, Peder Marcus"]
[PlyCount "41"]
[EventDate "2019.08.29"]

1. e4 c5 2. Nf3 Nc6 3. Bb5 Qc7 {ett litt uvanlig trekk men det er sikkert helt
greit} 4. O-O d6 5. Re1 Bd7 6. c3 Nf6 7. d4 e5 $5 {ser litt rart å gi feltet
på d5} 8. dxe5 $6 $146 (8. d5 {er ifølge Stockfish godt for hvit}) 8... dxe5 9.
Bc4 h6 {for hindre Sg5 og Db3} 10. Na3 {planen var lett Sc2-e3-d5} Be7 {jeg
tenkte at Sb5 var godt for hvit men etter noe som Db8 og a6 må springeren
tilbake til a3} (10... Rd8 {er også helt greit og svart har poenget at etter
Sc2 kommer Lf5!} 11. Nc2 Bf5 $1 {med ekstra bonde}) 11. Nc2 O-O 12. Ne3 Rad8
13. Nd5 Qb8 (13... Nxd5 {er litt bedre for svart}) 14. Qc2 b5 15. Bf1 Be6 16.
Nxe7+ Nxe7 17. Be3 Nd7 18. b3 {her var jeg egentlig tom for idèer} a5 19. c4 b4
20. Rad1 Nc6 21. Bd3 {Med remistilbud som Torstein godtok for jeg tenkte at
ingen kommer videre} 1/2-1/2

[Event "Høstturneringen 2019"]
[Site "Ås, Akershus NOR"]
[Date "2019.10.03"]
[Round "4"]
[White "Berg-Olsen, Henrik Seljeset"]
[Black "Rønbeck, Bjørn"]
[Result "1/2-1/2"]
[WhiteElo "1583"]
[BlackElo "1585"]
[Annotator "Lea, Per"]
[PlyCount "113"]
[EventDate "2019.08.29"]

1. c4 e5 2. Nc3 Nf6 3. Nf3 Nc6 4. d4 exd4 5. Nxd4 Nxd4 6. Qxd4 b6 7. Ne4 Be7 8.
Bg5 Bb4+ 9. Nc3 Bb7 10. a3 Be7 11. Rd1 d6 12. Nd5 $2 Bxd5 $2 (12... Nxd5 $1 13.
Qxg7 Rf8 14. Rxd5 {Det minste av flere onder...} (14. cxd5 Bxg5 {er helt
håpløst})) 13. cxd5 O-O 14. e3 h6 (14... Nxd5 {vinner en bonde}) 15. Bh4 a6 16.
Be2 Nxd5 {Tredje gang gjelder!} 17. Qxd5 Bxh4 18. Qb7 a5 19. Bf3 Rb8 20. Qc6
Bf6 21. Rd2 Re8 22. O-O Re5 23. b4 Bg5 24. Rd5 Re7 25. bxa5 bxa5 26. Rxa5 Re8
27. a4 Rb6 28. Qc4 Qd7 29. Ra7 Reb8 30. Ra8 g6 31. Rxb8+ Rxb8 32. a5 c5 33. a6
Rb4 34. Qd5 Bf6 35. Qa8+ Kg7 36. Bc6 Qc7 37. a7 $4 (37. Bd5 {beholder en klar
fordel. Nå er det plutselig svart som står best.}) 37... Rb6 38. Bd5 Ra6 39.
Qb8 $4 (39. Bb7 $1 Ra3 40. Qb8 Qd8 41. Qxd8 Bxd8 42. a8=Q Rxa8 43. Bxa8 {med
grei vinst}) 39... Qxa7 40. Qxa7 Rxa7 41. g3 Ra1 42. Rxa1 Bxa1 43. f4 f6 44.
Kf2 g5 45. f5 Bb2 46. Kf3 Bc1 47. g4 Bd2 48. Ke4 Bc3 49. Kd3 Bb4 50. Kc4 Kf8
51. Kb5 Ke7 52. Kc6 Ba3 53. h3 Bc1 54. e4 Be3 55. Kb5 Kd7 56. Bc6+ Kc7 57. Bd5
1/2-1/2

[Event "Høstturneringen 2019"]
[Site "Ås, Akershus NOR"]
[Date "2019.10.10"]
[Round "5"]
[White "Kielland-Lund, Jon"]
[Black "Berg-Olsen, Henrik Seljeset"]
[Result "1-0"]
[WhiteElo "1694"]
[BlackElo "1583"]
[Annotator "Lea, Per"]
[PlyCount "107"]
[EventDate "2019.08.29"]

1. c4 c5 2. Nf3 Nc6 3. Nc3 Nf6 4. d4 cxd4 5. Nxd4 Qa5 6. e3 Ne4 7. Bd2 Nxd2 8.
Qxd2 g6 9. Nd5 Qxd2+ 10. Kxd2 Kd8 11. Rd1 Bg7 12. Kc1 e6 13. Nc3 Ke7 14. Be2
Nxd4 15. exd4 d6 16. Bf3 Rb8 17. g4 b6 18. g5 Bb7 19. Bxb7 Rxb7 20. b3 h6 21.
f4 hxg5 22. fxg5 Rh3 23. Kc2 Rb8 24. Ne2 Rbh8 25. Rdg1 Rxh2 26. Rxh2 Rxh2 27.
Kd3 Ke8 28. Ke3 Bf8 29. Kf3 Be7 30. Ke3 Rh5 31. Kf4 e5+ 32. dxe5 dxe5+ 33. Kxe5
Bxg5 34. Rg2 f6+ 35. Ke6 Rh3 36. Ng3 Rh7 37. Ne4 Re7+ 38. Kd5 Re5+ 39. Kd4 Ke7
40. Nc3 a6 41. Nd5+ Kd6 42. Rh2 (42. Nxb6 $2 Be3+) 42... f5 43. Rg2 f4 44. Rf2
Rf5 45. Nxb6 Bd8 46. c5+ Rxc5 47. Nc4+ Kc6 48. Rxf4 g5 49. Re4 Rd5+ 50. Ke3 Kc5
51. Kf3 Kb4 52. Ne3+ Kc5 53. Nxd5 Kxd5 54. Re8 1-0

[Event "Høstturneringen 2019"]
[Site "Ås, Akershus NOR"]
[Date "2019.10.10"]
[Round "5"]
[White "Rønbeck, Bjørn"]
[Black "Andersen, Odd"]
[Result "0-1"]
[WhiteElo "1585"]
[BlackElo "1745"]
[Annotator "Lea, Per"]
[PlyCount "86"]
[EventDate "2019.08.29"]

1. e4 c6 2. Nf3 d5 3. exd5 cxd5 4. d4 Nf6 5. h3 a6 6. Bd3 e6 7. O-O Bd6 8. Re1
Qc7 9. c3 Bd7 10. Bg5 Bc6 11. Bc2 Nbd7 12. a4 h6 13. Be3 a5 14. Bd2 g5 15. Kh1
g4 16. Ng1 gxh3 17. Nxh3 O-O-O 18. b4 Nb6 19. bxa5 (19. b5 $11) 19... Nc4 20.
a6 bxa6 21. Bd3 Rdg8 22. Qe2 a5 23. Bxc4 dxc4 24. f3 Bd5 25. Na3 Qc6 26. Nb5
Kd7 (26... Rxg2 27. Na7+ Kb7 28. Nxc6 Rxe2 29. Rxe2 Bxf3+) 27. Nxd6 Qxd6 28.
Bf4 Qc6 29. Be5 Nh5 30. Qf2 f6 31. Bh2 f5 (31... Ke7) 32. Ra2 (32. Be5 Rh7 33.
Rab1) 32... Rg6 33. Rb2 Rhg8 34. Rg1 Ng3+ 35. Bxg3 Rxg3 36. Rgb1 $4 {Diagram 
[#]} (36. Nf4 $1 $11) 36... Rxh3+ $3 37. Kg1 Qa8 38. Qe3 Rhg3 39. Kh2 Qe8 40.
Qxh6 Rh8 41. Qxh8 Rxg2+ 42. Kxg2 Qxh8 43. Rh1 Bxf3+ 0-1

[Event "Høstturneringen 2019"]
[Site "Ås, Akershus NOR"]
[Date "2019.10.10"]
[Round "5"]
[White "Brenden, Torbjørn"]
[Black "Furnes, Torstein"]
[Result "1/2-1/2"]
[WhiteElo "1577"]
[BlackElo "1789"]
[Annotator "Furnes, Torstein"]
[PlyCount "156"]
[EventDate "2019.08.29"]

1. e4 c5 2. Nf3 Nc6 3. d4 cxd4 4. Nxd4 e5 5. Nb5 d6 6. N1c3 a6 7. Na3 b5 8. Nd5
Nf6 9. Bg5 Be7 10. Bxf6 Bxf6 11. c3 O-O 12. Be2 Bg5 13. O-O Be6 14. Nc2 g6 15.
Bf3 Rc8 16. a4 Bxd5 17. Qxd5 Qc7 18. axb5 axb5 19. Ra6 Nb8 20. Ra8 Qc6 21. Nb4
Qb6 22. Rfa1 Rc5 23. Qb3 Nc6 24. R8a6 Qb7 25. Nd3 Rc4 26. g3 Rd8 27. R6a4 Rxa4
28. Rxa4 Rb8 29. Ra1 b4 30. Qd5 bxc3 31. bxc3 Qc7 32. Ra6 Ne7 33. Qxd6 Rb1+ 34.
Kg2 Qxc3 $2 $18 35. Ra8+ ({Hvit vinner materiell etter} 35. h4 Nc8 (35... Bh6
36. Ra8+) 36. Qd7 Be7 (36... Bh6 37. Rc6) 37. Ra8) 35... Kg7 36. Qxe5+ (36. Qd8
{er sterkere. Svart må da gi springeren med} Nc8 {for å unnslippe de farlige
truslene. Hvit truet bl.a. Dh8+ Kh6 Df8+.}) 36... Qxe5 37. Nxe5 Rb2 38. Ra3 Bf6
39. Nd3 Rd2 40. e5 Bg5 41. h4 Be3 42. Be4 Bd4 43. Kf1 Rd1+ 44. Ke2 Ra1 45. Rb3
Ra5 46. f4 Nd5 47. Bxd5 Rxd5 48. Rb7 Rd8 49. Ne1 Bc5 50. Nf3 h6 51. Nd2 Re8 52.
Ne4 Be7 53. Kf3 h5 54. Rd7 Kf8 55. Nd6 Bxd6 56. Rxd6 Re7 57. g4 hxg4+ 58. Kxg4
Kg7 59. Kg5 Rc7 60. h5 gxh5 61. Kxh5 {Dermed er vi over i et 7-brikkers
sluttspill, og da kan sluttspilldatabaser som kjent umiddelbart gi fasiten i
enhver stilling. Databasen fastslår at vi holder oss innenfor remisgrensen
resten av partiet. Det er for øvrig et sjakkordtak som sier at "alle
tårnsluttspill er remis".} Rc1 62. Kg5 Rg1+ 63. Kf5 Re1 64. Rd3 Rg1 65. Rh3 Rg6
66. Re3 Re6 67. Rg3+ Kf8 68. Ke4 Ra6 69. f5 Ra4+ 70. Kd5 Ra5+ 71. Kd6 Ra6+ 72.
Kc7 Ra7+ 73. Kb6 Re7 74. Re3 Ke8 75. e6 fxe6 76. fxe6 Rh7 77. Rd3 Rh1 78. Kc6
Ke7 1/2-1/2

[Event "Høstturneringen 2019"]
[Site "Ås, Akershus NOR"]
[Date "2019.10.10"]
[Round "5"]
[White "Lea, Per"]
[Black "Moberg, Jan Rune"]
[Result "1-0"]
[WhiteElo "1753"]
[BlackElo "1651"]
[Annotator "Lea, Per"]
[PlyCount "41"]
[EventDate "2019.08.29"]

1. e4 d6 2. d4 c6 3. Nf3 Nf6 4. Nc3 Nbd7 5. Bc4 h6 6. O-O (6. e5 $1 Nb6 (6...
dxe5 7. dxe5 Nd5 8. e6 fxe6 9. Bd3 Kf7 10. Nh4) 7. Bb3) 6... Qc7 7. Bb3 e5 8.
h3 Be7 9. Nh4 exd4 10. Qxd4 Ne5 $2 (10... Nc5) 11. f4 Ned7 12. Be3 (12. Nf5 $1
Bf8 13. Re1 g6 14. e5 dxe5 15. Bxf7+ Kxf7 16. Qc4+ Ke8 17. fxe5 gxf5 18. exf6+
Kd8 19. f7 Ne5 20. Qh4+ Qe7 21. Qg3) 12... d5 (12... Nc5 $1 13. e5 Nxb3 14.
axb3 O-O {og hvits eventuelle fordel er minimal}) 13. exd5 Nc5 14. dxc6 bxc6
15. Bc4 Bd7 $2 (15... Ne6) 16. Qe5 (16. Rae1 $1 O-O 17. Ng6 Be6 (17... Rfe8 18.
Nxe7+ Rxe7 19. Qxc5) 18. Nxf8 Bxf8 19. f5 Bd7 20. Bxf7+ Kxf7 21. Qc4+ Be6 22.
fxe6+ Nxe6 23. Bxh6 Qd6) 16... Qxe5 17. fxe5 Nd5 18. Nxd5 cxd5 19. Bxd5 Rb8 20.
Bxf7+ Kd8 (20... Kf8 21. Ng6#) 21. Ng6 1-0

[Event "Høstturneringen 2019"]
[Site "Ås, Akershus NOR"]
[Date "2019.10.10"]
[Round "5"]
[White "Samset, Jon"]
[Black "Simonsen, Steinar"]
[Result "0-1"]
[WhiteElo "1386"]
[BlackElo "1500"]
[Annotator "Lea, Per"]
[PlyCount "136"]
[EventDate "2019.08.29"]

1. e4 e5 2. Nf3 Nc6 3. Bc4 h6 4. O-O Nf6 5. d3 Bc5 6. Be3 Bxe3 7. fxe3 d6 8.
Nc3 Na5 9. Qe1 Nxc4 10. dxc4 a6 11. Qh4 O-O 12. Nd5 Nxd5 13. cxd5 Qxh4 14. Nxh4
c6 15. Rf2 cxd5 16. exd5 Bd7 17. c4 b5 18. b3 bxc4 19. bxc4 Rac8 20. Rc1 Rc5
21. Nf3 Rfc8 22. Rfc2 Bf5 23. Rc3 Ra5 24. a3 Bg4 25. Nd2 Be2 26. Ne4 Rd8 27. h3
Bh5 28. Ra1 f5 29. Ng3 {R} Bg6 30. a4 Rc5 31. a5 f4 32. exf4 exf4 33. Ne2 Rf8
34. Nd4 Bf7 35. Raa3 Rfc8 36. Nc6 Kh7 37. Nb4 Rxc4 38. Rxc4 Rxc4 39. Nxa6 Bxd5
40. Rd3 Rc1+ 41. Kh2 Be4 42. Rd2 (42. Rxd6 Rc2) 42... d5 43. Nb4 Rc5 44. a6 Ra5
45. Rd4 g5 46. Rd1 h5 47. Rc1 d4 48. Rc7+ Kg6 49. a7 d3 50. Rd7 Ra3 51. Rd6+
Kf7 52. Rd7+ Ke6 53. Rd4 Ke5 54. Rd7 Ke6 55. Rd4 Ba8 56. Nxd3 Rxa7 57. Nc5+ Ke5
58. Rd2 Rc7 59. Nd7+ Ke4 60. Nf6+ Ke3 61. Ra2 Rc8 62. Nxh5 Bd5 63. Ra3+ Kf2 64.
g4 Rc2 65. Ra1 Kf3+ 66. Kg1 Rg2+ 67. Kf1 Bc4+ 68. Ke1 Rg1+ 0-1

[Event "Høstturneringen 2019"]
[Site "Ås, Akershus NOR"]
[Date "2019.10.10"]
[Round "5"]
[White "Aamodt, Peder Marcus"]
[Black "Thowsen, Alf Geir"]
[Result "1-0"]
[WhiteElo "1481"]
[BlackElo "1396"]
[Annotator "Lea, Per"]
[PlyCount "45"]
[EventDate "2019.08.29"]

1. Nf3 Nf6 2. d4 e6 3. Nbd2 d5 4. e3 c5 5. b3 Bd7 6. Bb2 a6 7. Bd3 b6 8. O-O
Bd6 9. Ne5 Be7 10. Qe2 O-O 11. f4 Qc8 12. Rf3 Nc6 13. Rh3 g6 14. dxc5 bxc5 15.
Ndf3 Nb4 16. Ng5 Nh5 {Diagram [#]} 17. Rxh5 {Vinner} ({Men mer elegant var} 17.
Nxg6 $3 hxg6 (17... fxg6 18. Qxh5 gxh5 ({Andre forsøk er like håpløse:} 18...
Rf7 19. Qxg6+ hxg6 20. Rh8#) (18... Rd8 19. Qxh7+ Kf8 20. Qf7#) 19. Bxh7#) 18.
Qxh5 gxh5 19. Bh7#) 17... Bxg5 18. Nxd7 Qxd7 19. Rxg5 f6 20. Rg3 Qe7 21. Qh5
Rf7 22. Bxg6 hxg6 23. Rxg6+ 1-0

[Event "Høstturneringen 2019"]
[Site "Ås, Akershus NOR"]
[Date "2019.10.10"]
[Round "5"]
[White "Bakkerud, Balder Jonsson"]
[Black "Olsen, Trygve"]
[Result "1-0"]
[WhiteElo "1186"]
[BlackElo "1498"]
[Annotator "Lea, Per"]
[PlyCount "89"]
[EventDate "2019.08.29"]

1. d4 d5 2. c4 c6 3. Bf4 Nf6 4. Nc3 Bf5 5. e3 Nbd7 6. Nf3 h6 7. h3 Ne4 8. cxd5
Nxc3 9. bxc3 cxd5 10. c4 Qa5+ 11. Qd2 Qa4 12. Qb2 e6 13. c5 Qa5+ 14. Nd2 b6 15.
Bb5 bxc5 16. Bc6 (16. Bxd7+ Kxd7 17. Qb7+) 16... Rd8 17. Qb7 Qb6 18. Bc7 Qxb7
19. Bxb7 Be7 20. Bxd8 Bxd8 21. Bc6 c4 22. Nf3 Ba5+ 23. Ke2 Bd3+ 24. Kd1 Ke7 25.
Rc1 (25. Bxd7 Kxd7 26. Ne5+ Kc7 27. Nxd3 cxd3 28. Rb1) 25... Rb8 26. Bxd7 Kxd7
27. Ne5+ Kd6 28. Nxf7+ (28. Nxd3 cxd3 29. g4 Rb2) 28... Ke7 29. Ne5 Rb2 $4 30.
Nc6+ Kd7 31. Nxa5 Rxa2 32. Nb7 Rxf2 33. Nc5+ Ke7 34. Nxd3 cxd3 35. Rg1 Re2 36.
Rc7+ Kd6 37. Rxa7 Rb2 38. Kc1 Rc2+ 39. Kb1 Re2 40. Rf1 d2 41. Rd1 Rxg2 42. Kc2
Rg3 43. Rxd2 Rxh3 44. Rf2 e5 45. Rff7 1-0

[Event "Høstturneringen 2019"]
[Site "Ås, Akershus NOR"]
[Date "2019.10.24"]
[Round "5"]
[White "Larsen, Jo Ingebrigt"]
[Black "Petersen, Rune J"]
[Result "1-0"]
[WhiteElo "1527"]
[BlackElo "1202"]
[PlyCount "103"]
[EventDate "2019.08.29"]

1. d4 d5 2. Bf4 e6 3. e3 Nf6 4. Nd2 Nc6 5. c3 Bd7 6. Bd3 Be7 7. Ngf3 O-O 8. Ne5
Bd6 9. Qf3 Ne7 10. g4 Bc6 11. h4 Bxe5 12. Bxe5 Ng6 13. h5 Nxe5 14. dxe5 d4 15.
e4 Nd7 16. cxd4 f6 17. Bc4 Qe7 18. Qc3 fxe5 19. dxe5 Rf4 20. f3 Raf8 21. O-O-O
Nc5 22. b4 Na4 23. Qb3 Bd7 24. a3 b5 25. Be2 c5 26. Nb1 cxb4 27. Qxb4 Rc8+ 28.
Kd2 Qg5 29. Ke1 Rf7 30. Qd4 Rc1 31. Rxc1 Qxc1+ 32. Qd1 Qc5 33. Kf1 Qxe5 34. Kg2
Qc5 35. Qb3 e5 36. Kg3 Qc8 37. Bxb5 Bxb5 38. Qxb5 Nc5 39. Qc4 Qc7 40. Qd5 Nd7
41. Rd1 Nf6 42. Qe6 h6 43. Qd6 Qxd6 44. Rxd6 Ne8 45. Re6 Nc7 46. Rxe5 Nb5 47.
Rxb5 a6 48. Rb6 a5 49. Nc3 Kh7 50. Ra6 g6 51. hxg6+ Kg7 52. gxf7 1-0